Projekt odvážny, ale reálny Vybudovaním Vážskej vodnej cesty sa Slovensko stane stredoeurópskou križovatkou
Rozhovor s riaditeľom š.p. Povodie Váhu v Piešťanoch o perspektívach vodnej magistrály spájajúcej sever s juhom Európy. Budovanie Vážskej vodnej cesty a jej medzinárodno-strategický význam. Hospodársky význam Vážskej vodnej cesty pre Slovensko. Predpoklady investičných nákladov a zabezpečenie invest...
Uložené v:
| Hlavný autor: | |
|---|---|
| Ďalší autori: | |
| Médium: | Kapitola |
| Jazyk: | Slovak |
| Predmet: | |
| Tagy: |
Žiadne tagy, Buďte prvý, kto otaguje tento záznam!
|
MARC
| LEADER | 00000naa a2200000 4500 | ||
|---|---|---|---|
| 001 | r024852 | ||
| 005 | 20221213114225.0 | ||
| 041 | 0 | |a slo | |
| 044 | |a SK | ||
| 245 | 1 | 0 | |a Projekt odvážny, ale reálny |b Vybudovaním Vážskej vodnej cesty sa Slovensko stane stredoeurópskou križovatkou |c J. Banas, J.D. Janoško |
| 520 | |a Rozhovor s riaditeľom š.p. Povodie Váhu v Piešťanoch o perspektívach vodnej magistrály spájajúcej sever s juhom Európy. Budovanie Vážskej vodnej cesty a jej medzinárodno-strategický význam. Hospodársky význam Vážskej vodnej cesty pre Slovensko. Predpoklady investičných nákladov a zabezpečenie investičného bankového úveru na dobudovanie projektu Vážskej vodnej cesty. | ||
| 610 | 2 | 0 | |a cesty vodné |
| 610 | 2 | 0 | |a Slovensko |
| 610 | 2 | 0 | |a Váh |
| 610 | 2 | 0 | |a sever-juh |
| 610 | 2 | 0 | |a Európa |
| 610 | 2 | 0 | |a doprava vodná |
| 610 | 2 | 0 | |a doprava riečna |
| 610 | 2 | 0 | |a stavby vodné |
| 610 | 2 | 0 | |a investície |
| 610 | 2 | 0 | |a Vážska vodná cesta |
| 100 | 1 | |a Banas, J. | |
| 700 | 1 | |a Janoško, J.D. | |